| 000 | 00902nam a2200289Ia 4500 | ||
|---|---|---|---|
| 003 | OSt | ||
| 005 | 20221005022735.0 | ||
| 006 | a|||||r|||| 00| 0 | ||
| 007 | ta | ||
| 008 | 221004b |||||||| |||| 00| 0 eng d | ||
| 020 |
_a9027228019 _c5922.4 |
||
| 024 | _a85319 | ||
| 037 |
_b372, 30/03/2006, Ashutosh Technical Books _cTextual |
||
| 040 |
_aCRL _cCRL _beng |
||
| 041 |
_2eng _aeng |
||
| 082 | _aP,4:3, P5 | ||
| 100 |
_aOzturk Balkiz _9578572 |
||
| 245 | 0 | _aCase, referentiality and phrase structure | |
| 260 |
_aAmsterdam _bJohn Benjamins Publishing Company Netherlands _c2005 |
||
| 300 |
_a264p. _ccm. |
||
| 490 | _aLinguistik Aktuell Linguistics Today, 77 | ||
| 650 | _a ENGLISH LANGUAGE - IDIOMS | ||
| 650 | _a GRAMMAR | ||
| 650 | _aLINGUISTICS | ||
| 942 |
_hP,4:3, P5 _cTEXL _2cc |
||
| 999 |
_c929955 _d929955 |
||